Церковно-государственная реформа Петра I. Протестантская модель или византийское преемство: монография

Podrobná bibliografie
Hlavní autor: Реснянский С. И. Сергей Иванович
Shrnutí:В книге представлены результаты исследования по историко-теософскому и историческому осмыслению феномена петровского церковно-государственного реформирования. Проблема рассмотрена автором в ракурсе тематики взаимоотношений Священства и Царства в условиях пере-ГС хода к модели секулярного общества. В качестве полярных интерпретаций проводится анализ концептов синодального протестантизма и синодаль-ного византинизма. Книга основывается на широкой источниковой базе, включающей труды историков, правоведов, философов, богословов.
Jazyk:ruština
Vydáno: Москва, ЮНИТИ-ДАНА, 2009
Témata:
Médium: MixedMaterials Kniha
KOHA link:https://koha.lib.tpu.ru/cgi-bin/koha/opac-detail.pl?biblionumber=166460

MARC

LEADER 00000nam0a2200000 4500
001 166460
005 20231101222627.0
010 |a 9785238017242 
035 |a (RuTPU)RU\TPU\book\180570 
090 |a 166460 
100 |a 20091002d2009 k y0rusy50 ca 
101 0 |a rus 
102 |a RU 
105 |a a z 001zy 
200 1 |a Церковно-государственная реформа Петра I. Протестантская модель или византийское преемство  |e монография  |f С. И. Реснянский 
210 |a Москва  |c ЮНИТИ-ДАНА  |d 2009 
215 |a 256 с. 
320 |a Библиография в конце глав. 
330 |a В книге представлены результаты исследования по историко-теософскому и историческому осмыслению феномена петровского церковно-государственного реформирования. Проблема рассмотрена автором в ракурсе тематики взаимоотношений Священства и Царства в условиях пере-ГС хода к модели секулярного общества. В качестве полярных интерпретаций проводится анализ концептов синодального протестантизма и синодаль-ного византинизма. Книга основывается на широкой источниковой базе, включающей труды историков, правоведов, философов, богословов. 
600 0 |a Петр Великий  |d I  |f 1672-1725  |c российский царь из династии Романовых (1682-1725)  |c первый российский император  |2 stltpush  |3 (RuTPU)RU\TPU\pers\365 
606 1 |a Реформы Петра I  |2 stltpush  |3 (RuTPU)RU\TPU\subj\65218  |9 81817 
610 1 |a Россия 
610 1 |a история 
610 1 |a церковно-государственные реформы 
610 1 |a церковь 
610 1 |a реформирование 
610 1 |a церковно-гоударственная политика 
686 |a Т3(2)511  |v LBC/SL-A  |2 rubbk 
700 1 |a Реснянский  |b С. И.  |g Сергей Иванович 
801 1 |a RU  |b 63413507  |c 20091002 
801 2 |a RU  |b 63413507  |c 20091207  |g RCR 
942 |c BK 
959 |a 101/20090930  |d 1  |e 400,00  |f ЧЗГЛ:1